000 00336nam a22001457a 4500
008 230626b ||||| |||| 00| 0 eng d
020 _a9780803603448.
041 _aeng
080 _2SECOND EDITION
_a61
082 _a61GYL
100 _a4
101 _aMJP
245 _aMEDICAL TERMINOLOGY SIMPLIFIED
_cGYLYS.A.B
942 _2udc
_cBK
999 _c60036
_d60036